Statistics for Top 10 Belgian PL appearances makers

Click here to take the quiz!

General Stats

  • This quiz has been taken 18 times
  • The average score is 5 of 10

Answer Stats

AppsAnswer% Correct
185Lukaku
88%
173Hazard
88%
149Vertonghen
69%
230Kompany
56%
203Dembele
56%
153Benteke
50%
230Fellaini
44%
225Mignolet
38%
119Chadli
31%
145Mirallas
19%

Score Distribution

Percentile by Number Answered

Percent of People with Each Score

Your Score History

You have not taken this quiz